All BLACKPINK songs - Statistics

General Stats
  • This quiz has been taken 41 times
    31 since last reset
  • The average score is 26 of 33
Answer Stats
Hint Answer % Correct
Lady Gaga Sour Candy
100%
s As If It's Your Last
93%
s BOOMBAYAH
93%
s JUMP
93%
s Kill This Love
93%
BLACKPINK THE GAME THE GIRLS
93%
ss WHISTLE
93%
Dua Lipa Kiss and Make Up
86%
s PLAYING WITH FIRE
86%
s Really
86%
s Shut Down
86%
s STAY
86%
s Bet You Wanna
79%
s DDU-DU DDU-DU
79%
s Forever Young
79%
s How You Like That
79%
s Ice Cream
79%
s Kick It
79%
s Love To Hate Me
79%
s Pink Venom
79%
s Tally
79%
s Typa Girl
79%
s Crazy Over You
71%
s Don't Know What To Do
71%
s Hard To Love
71%
s Hope Not
71%
s Lovesick Girls
71%
s The Happiest Girl
71%
s Pretty Savage
64%
s Ready For Love
64%
s Yeah Yeah Yeah
64%
s You Never Know
64%
s See U Later
57%
No matching quizzes found
Score Distribution
Percent of People with Each Score
Percentile by Number Answered
Your Score History
You have not taken this quiz since the last reset